Remembering the kanji. Volume 1 /

Detalhes bibliográficos
Autor principal: Heisig, James W., 1944-
Formato: Livro
Idioma:English
Japanese
Publicado em: Honolulu : University of Hawaiʻi Press, 2022.
Edição:Sixth edition.
Assuntos:
Classic Catalogue: View this record in Classic Catalogue
LEADER 02722nam a22004334a 4500
001 45070
003 BD-DhAAL
005 20251111120915.0
008 251111t2022 hiu s001 0 eng d
010 |a  2010049981 
020 |a 9780824835927 
035 |a 16569011 
035 |a (HU)3211550 
040 |a HU/DLC  |c DLC  |d DLC  |d BD-DhAAL 
041 0 |a eng  |a jpn 
042 |a pcc 
043 |a a-ja--- 
050 0 0 |a PL547  |b .H4 2011 
082 0 0 |a 495.682421  |2 22 
100 1 |a Heisig, James W.,  |d 1944-  |9 59812 
245 1 0 |a Remembering the kanji.  |n Volume 1 /  |c James W. Heisig. 
250 |a Sixth edition. 
260 |a Honolulu :  |b University of Hawaiʻi Press,  |c 2022. 
300 |a v, 484 pages ;  |c 23 cm 
362 |a Vol. 1 
500 |a Fifth edition : 24th printing, 2008 Sixth edition : 8th printing, 2022 
500 |a Includes index. 
505 1 |a v. 1., 6th ed., A complete course on how not to forget the meaning and writing of Japanese characters. 
526 |a CSE  |x Annajiat Alim Rasel Senior Lecturer Department of Computer Science and Engineering BRAC University Course Name : Japanese Language and General for ITEE (JPN 101) 
541 |a Book Finder International  |e 45070, 45071, 45072 
650 0 |a Japanese language  |x Orthography and spelling  |v Textbooks.  |9 59813 
650 0 |a Chinese characters  |z Japan  |v Textbooks.  |9 59814 
650 0 |a Japanese language  |v Textbooks for foreign speakers  |x English.  |9 59285 
852 |a Ayesha Abed Library  |c General Stacks 
942 |2 ddc  |c BK 
999 |c 47637  |d 47637 
952 |0 0  |1 0  |2 ddc  |4 0  |6 495_682421000000000_HEI  |7 0  |9 78496  |a BRACUL  |b BRACUL  |c GEN  |d 2025-11-04  |e Book Finder International  |g 5221.00  |l 0  |o 495.682421 HEI  |p 3010045071  |r 2025-11-04  |t 2  |v 10442.00  |w 2025-11-04  |y BK  |x Requisitioned by Annajiat Alim Rasel (Senior Lecturer, Department of Computer Science and Engineering, BRAC University) for the course named - 'Japanese Language and General for ITEE (JPN 101)' 
952 |0 0  |1 0  |2 ddc  |4 0  |6 495_682421000000000_HEI  |7 0  |9 78497  |a BRACUL  |b BRACUL  |c NEW  |d 2025-11-04  |e Book Finder International  |g 5221.00  |l 0  |o 495.682421 HEI  |p 3010045070  |r 2025-11-04  |t 1  |v 10442.00  |w 2025-11-04  |y BK  |x Requisitioned by Annajiat Alim Rasel (Senior Lecturer, Department of Computer Science and Engineering, BRAC University) for the course named - 'Japanese Language and General for ITEE (JPN 101)' 
952 |0 0  |1 0  |2 ddc  |4 0  |6 495_682421000000000_HEI  |7 0  |9 78498  |a BRACUL  |b BRACUL  |c GEN  |d 2025-11-04  |e Book Finder International  |g 5221.00  |l 0  |o 495.682421 HEI  |p 3010045072  |r 2025-11-04  |t 3  |v 10442.00  |w 2025-11-04  |y BK  |x Requisitioned by Annajiat Alim Rasel (Senior Lecturer, Department of Computer Science and Engineering, BRAC University) for the course named - 'Japanese Language and General for ITEE (JPN 101)'